| 000 | 00705cam a2200241u 4500 | ||
|---|---|---|---|
| 001 | 9260353 | ||
| 003 | GBCCL | ||
| 005 | 20241126110409.0 | ||
| 008 | 830617s1942 tnucf 000 0 eng | ||
| 010 | _a 42022550 | ||
| 040 |
_aDLC _cCarP _dDLC |
||
| 043 | _as-bl--- | ||
| 050 | 0 | 0 |
_aBX6272.B7 _bA6 |
| 082 |
_a266.0092 _bAPP |
||
| 100 | 1 |
_aAppleby, Rosalee (Mills), _d1895- [from old catalog] _93716 |
|
| 245 | 1 | 0 | _aWings against the blue, |
| 260 |
_a[Nashville, _bBroadman press, _c1942] |
||
| 300 |
_a159 p. _bplates, ports. _c19 cm. |
||
| 650 | 0 |
_aBaptists _zBrazil. _93717 |
|
| 651 | 0 |
_aBrazil _xDescription and travel. _93718 |
|
| 906 |
_a0 _bcbc _cpremunv _du _encip _f19 _gy-gencatlg |
||
| 942 |
_2ddc _cBK |
||
| 999 |
_c1794 _d1794 |
||